ბათუმის შოთა რუსთაველის სახელმწიფო უნივერსიტეტის ბიბლიოთეკა

სახიფათო მოსახვევები (ბიბ.ჩანაწერი № 42114)

000 -LEADER
fixed length control field 00777nam a2200229Ia 4500
001 - CONTROL NUMBER
control field 8805
003 - CONTROL NUMBER IDENTIFIER
control field GE_BSU
008 - FIXED-LENGTH DATA ELEMENTS--GENERAL INFORMATION
fixed length control field 181216s||||||||xx |||||||||||||| ||und||
040 ## - CATALOGING SOURCE
Transcribing agency GE_BSU
080 ## - UNIVERSAL DECIMAL CLASSIFICATION NUMBER
Universal Decimal Classification number 821.353.1-31
100 ## - MAIN ENTRY--PERSONAL NAME
Personal name კალანდაძე,ალექსანდრე
245 ## - TITLE STATEMENT
Title სახიფათო მოსახვევები
245 ## - TITLE STATEMENT
Remainder of title რომანი
245 ## - TITLE STATEMENT
Statement of responsibility, etc. რედ:გურამ გვერდწითელი;მხატვ:ჯ.ზენაიშვილი
260 ## - PUBLICATION, DISTRIBUTION, ETC.
Place of publication, distribution, etc. თბილისი.
260 ## - PUBLICATION, DISTRIBUTION, ETC.
Name of publisher, distributor, etc. მერანი.
260 ## - PUBLICATION, DISTRIBUTION, ETC.
Date of publication, distribution, etc. 1990.
300 ## - PHYSICAL DESCRIPTION
Extent 430გვ;ილ;21სმ
653 ## - INDEX TERM--UNCONTROLLED
Uncontrolled term რომანი.
653 ## - INDEX TERM--UNCONTROLLED
Uncontrolled term სახიფათო მოსახვევები
942 ## - ADDED ENTRY ELEMENTS (KOHA)
Koha item type წიგნი
ეგზემპლარები
Withdrawn status Lost status Damaged status Not for loan Date acquired Barcode Date last seen Price effective from Koha item type
        2018-12-17 31258 2018-12-17 2018-12-17 წიგნი
        2018-12-17 31259 2018-12-17 2018-12-17 წიგნი
        2018-12-17 31260 2018-12-17 2018-12-17 წიგნი
        2018-12-17 31261 2018-12-17 2018-12-17 წიგნი
        2018-12-17 31272 2018-12-17 2018-12-17 წიგნი